00346nam a2200121Ia 4500082001200000100002400012245006900036260003500105300000800140650002000148650003100168710002500199 aTB.0109 aBihari, Swarnalekha 0aHuman resources for economic development with reference to India c1974bBanaras Hindu University a186 aManpowerzIndia aIndiavEconomic conditions aChoudhury, Radharani